000 00930nam a2200265 a 4500
999 _c48139
_d48139
001 2963557
003 Nust
005 20170110151956.0
008 930212s1992 caua 000 0 eng
010 _a 91076247
020 _a978-8176497374
040 _aDLC
_cDLC
050 0 0 _aHF5718.5
_b.B76 1992
082 _a808.66
_bBRO
100 1 _aBrock, Susan L.
245 1 0 _aWriting business proposals and reports :
_bstrategies for success /
_cSusan L. Brock.
260 _aLos Altos, Calif. :
_bCrisp Publications,
_c1992.
300 _aiii, 85 p. :
_bill. ;
_c26 cm.
440 0 _aFifty-Minute series
500 _a"Key strategies for success"--Cover.
650 0 _aProposal writing in business.
650 0 _aBusiness report writing.
906 _a7
_bcbc
_corignew
_d3
_eopcn
_f19
_gy-gencatlg
942 _2ddc
_cBK